<?xml version="1.0" encoding="UTF-8"?>
<record
    xmlns:xsi="http://www.w3.org/2001/XMLSchema-instance"
    xsi:schemaLocation="http://www.loc.gov/MARC21/slim http://www.loc.gov/standards/marcxml/schema/MARC21slim.xsd"
    xmlns="http://www.loc.gov/MARC21/slim">

  <leader>00520    a2200157   4500</leader>
  <datafield tag="999" ind1=" " ind2=" ">
    <subfield code="c">259</subfield>
    <subfield code="d">259</subfield>
  </datafield>
  <controlfield tag="008">210419b           ||||| |||| 00| 0 eng d</controlfield>
  <datafield tag="020" ind1=" " ind2=" ">
    <subfield code="a">9781408088463</subfield>
  </datafield>
  <datafield tag="082" ind1="0" ind2="0">
    <subfield code="a">658.72</subfield>
    <subfield code="b">W396</subfield>
  </datafield>
  <datafield tag="100" ind1=" " ind2=" ">
    <subfield code="a">Weele, Arjan J. Van</subfield>
    <subfield code="9">4968</subfield>
  </datafield>
  <datafield tag="245" ind1=" " ind2=" ">
    <subfield code="a">Purchasing and supply chain management: analysis, strategy, planning and practice /</subfield>
  </datafield>
  <datafield tag="250" ind1=" " ind2=" ">
    <subfield code="a">6th ed.</subfield>
  </datafield>
  <datafield tag="260" ind1=" " ind2=" ">
    <subfield code="a">United Kingdom:</subfield>
    <subfield code="b">Cengage Learning,</subfield>
    <subfield code="c">c2014.</subfield>
  </datafield>
  <datafield tag="300" ind1=" " ind2=" ">
    <subfield code="a">xxvii, 438 p.</subfield>
  </datafield>
  <datafield tag="650" ind1=" " ind2="0">
    <subfield code="a">Purchasing and Supply Chain Management</subfield>
  </datafield>
  <datafield tag="942" ind1=" " ind2=" ">
    <subfield code="2">ddc</subfield>
    <subfield code="c">BK</subfield>
  </datafield>
  <datafield tag="952" ind1=" " ind2=" ">
    <subfield code="0">0</subfield>
    <subfield code="1">0</subfield>
    <subfield code="2">ddc</subfield>
    <subfield code="4">0</subfield>
    <subfield code="6">658_720000000000000_W396</subfield>
    <subfield code="7">0</subfield>
    <subfield code="9">1117</subfield>
    <subfield code="a">CL</subfield>
    <subfield code="b">CL</subfield>
    <subfield code="d">2019-09-16</subfield>
    <subfield code="e">Sterling Book House</subfield>
    <subfield code="g">5250.53</subfield>
    <subfield code="o">658.72 W396</subfield>
    <subfield code="p">13362</subfield>
    <subfield code="r">2019-09-16</subfield>
    <subfield code="v">6177.10</subfield>
    <subfield code="y">BK</subfield>
  </datafield>
  <datafield tag="952" ind1=" " ind2=" ">
    <subfield code="0">0</subfield>
    <subfield code="1">0</subfield>
    <subfield code="2">ddc</subfield>
    <subfield code="4">0</subfield>
    <subfield code="6">658_720000000000000_W396</subfield>
    <subfield code="7">0</subfield>
    <subfield code="9">1118</subfield>
    <subfield code="a">CL</subfield>
    <subfield code="b">CL</subfield>
    <subfield code="d">2019-09-16</subfield>
    <subfield code="e">Sterling Book House</subfield>
    <subfield code="g">5250.53</subfield>
    <subfield code="o">658.72 W396</subfield>
    <subfield code="p">13363</subfield>
    <subfield code="r">2019-09-16</subfield>
    <subfield code="v">6177.10</subfield>
    <subfield code="y">BK</subfield>
  </datafield>
  <datafield tag="952" ind1=" " ind2=" ">
    <subfield code="0">0</subfield>
    <subfield code="1">0</subfield>
    <subfield code="2">ddc</subfield>
    <subfield code="4">0</subfield>
    <subfield code="6">658_720000000000000_W396</subfield>
    <subfield code="7">0</subfield>
    <subfield code="9">1119</subfield>
    <subfield code="a">CL</subfield>
    <subfield code="b">CL</subfield>
    <subfield code="d">2019-09-16</subfield>
    <subfield code="e">Sterling Book House</subfield>
    <subfield code="g">5250.53</subfield>
    <subfield code="o">658.72 W396</subfield>
    <subfield code="p">13364</subfield>
    <subfield code="r">2019-09-16</subfield>
    <subfield code="v">6177.10</subfield>
    <subfield code="y">BK</subfield>
  </datafield>
  <datafield tag="952" ind1=" " ind2=" ">
    <subfield code="0">0</subfield>
    <subfield code="1">0</subfield>
    <subfield code="2">ddc</subfield>
    <subfield code="4">0</subfield>
    <subfield code="6">658_720000000000000_W396</subfield>
    <subfield code="7">0</subfield>
    <subfield code="9">1120</subfield>
    <subfield code="a">CL</subfield>
    <subfield code="b">CL</subfield>
    <subfield code="d">2019-09-16</subfield>
    <subfield code="e">Sterling Book House</subfield>
    <subfield code="g">5250.53</subfield>
    <subfield code="o">658.72 W396</subfield>
    <subfield code="p">13365</subfield>
    <subfield code="r">2019-09-16</subfield>
    <subfield code="v">6177.10</subfield>
    <subfield code="y">BK</subfield>
  </datafield>
</record>
